Cd, Dcd ou les 2 ? - Statistiques

Statistiques générales
  • Ce quiz a été pris 37 fois
  • Le résultat moyen est 10 sur 12
Statistiques - réponses
Par images Réponse % Correct
Dcd
100%
2
86%
Cd
86%
2
83%
2
83%
2
83%
2
83%
2
83%
Cd
83%
Dcd
83%
2
81%
2
81%
Aucun quiz correspondant
Distribution des résultats
% des personnes avec chaque résultat
Percentile par nombre de réponses
Votre historique - résultats
Vous n’avez pas pris ce quiz